KOHA-Header-6

Intranet Ware (Record no. 7120)

000 -LEADER
fixed length control field 00245nam a2200109Ia 4500
100 ## - MAIN ENTRY--AUTHOR NAME
Personal name South werkrn
245 #0 - TITLE STATEMENT
Title Intranet Ware
260 ## - PUBLICATION, DISTRIBUTION, ETC. (IMPRINT)
Place of publication london
Name of publisher Prentice
Year of publication 1996
300 ## - PHYSICAL DESCRIPTION
Number of Pages 847
942 ## - ADDED ENTRY ELEMENTS (KOHA)
Koha item type Books
Holdings
Withdrawn status Lost status Collection code Permanent Location Current Location Shelving location Date acquired Full call number Accession Number Koha item type
    Computer Science MAJU MAJU Shelf No.A16 2019-09-12 005.47 779 Computer Science

Powered by Koha